Fundamentals of Internal Combustion Engines/ (Record no. 212193)

MARC details
000 -LEADER
fixed length control field 00744nam a22002177a 4500
005 - DATE AND TIME OF LATEST TRANSACTION
control field 20250707153107.0
010 ## - LCCN (DPL NO)
LC control number ENG-145743
020 ## - INTERNATIONAL STANDARD BOOK NUMBER
Terms of availability 829.00
International Standard Book Number 9789361595844
035 ## - SYSTEM CONTROL NUMBER
System control number EN-129275
037 ## - SOURCE OF ACQUISITION
Source of stock number/acquisition DBAD
082 ## - DEWEY DECIMAL CLASSIFICATION NUMBER
Classification number 621.434
Edition number 1
100 ## - MAIN ENTRY--PERSONAL NAME
Personal name Mandal, Bijan Kumar
245 ## - TITLE STATEMENT
Title Fundamentals of Internal Combustion Engines/
Statement of responsibility, etc Bijan Kumar Mandal; Amitava Sarkar [and] Ambarish Datta
250 ## - EDITION STATEMENT
Edition statement 1
260 ## - PUBLICATION, DISTRIBUTION, ETC. (IMPRINT)
Place of publication, distribution, etc Noida
Name of publisher, distributor, etc Pearson India Education
Date of publication, distribution, etc 2025
270 ## - ADDRESS
Address 15th Floor, Towe-B, World Trade Tower, Plot No.1, Block-C, Sector-16
City Noida
Postal code 201301
300 ## - PHYSICAL DESCRIPTION
Extent 851p.
Dimensions 23cm(pb)
700 ## - ADDED ENTRY--PERSONAL NAME
Personal name Sarkar, Amitava
Relator term Author
9 (RLIN) 82711
700 ## - ADDED ENTRY--PERSONAL NAME
Personal name Datta, Ambarish
Relator term Author
9 (RLIN) 82712
942 ## - ADDED ENTRY ELEMENTS (KOHA)
Source of classification or shelving scheme Dewey Decimal Classification
Item type English Books
Classification part 621.434
Call number suffix MAN
Holdings
Withdrawn status Lost status Not for loan Collection code Home library Current library Date acquired Source of acquisition Cost, normal purchase price Full call number Barcode Copy number Cost, replacement price Koha item type
      Non-fiction Central Library Central Library 07/07/2025 Delivery of Books Act Division 829.00 621.434 MAN EN-129275 1 829.00 English Books

© Delhi Public Library
Hit Counter
free hit counter